| 000 | 02449namaa2200409uu 4500 | ||
|---|---|---|---|
| 001 | doab26668 | ||
| 003 | oapen | ||
| 005 | 20260305123944.0 | ||
| 006 | m o d | ||
| 007 | cr|mn|---annan | ||
| 008 | 210210s2020 xx |||||o ||| 0|eng d | ||
| 020 | _a9780367529680 | ||
| 040 |
_aoapen _coapen |
||
| 041 | 0 | _aeng | |
| 042 | _adc | ||
| 072 | 7 |
_aJP _2bicssc |
|
| 072 | 7 |
_aJPS _2bicssc |
|
| 720 | 1 |
_aQi, Huaigao _4aut |
|
| 245 | 0 | 0 |
_aChapter Introduction _bCooperative development among the South China Sea coastal States |
| 260 |
_bTaylor & Francis _c2020 |
||
| 300 | _a1 online resource (17 p.) | ||
| 336 |
_atext _btxt _2rdacontent |
||
| 337 |
_acomputer _bc _2rdamedia |
||
| 338 |
_aonline resource _bcr _2rdacarrier |
||
| 506 | 0 |
_aFree-to-read _fUnrestricted online access _2star |
|
| 520 | _a"Boundary disputes in the South China Sea have been a long- standing threat to peace and security in East and Southeast Asia. Without agreed defi nition of boundaries, provisional arrangements to develop resources in the disputed area have become the favored, and most effective, solution. Therefore, joint development between various countries has taken place in the form of ad hoc arrangements with the goal of achieving positive outcomes for all parties involved. Incorporating insights from ten authors from six countries (Brunei, China, Indonesia, Malaysia, the Philippines, and Vietnam), this book provides a comprehensive analysis of the incentives and policies for joint development in the South China Sea disputes. The authors also discuss the bottlenecks and proposed policy options. The authors ease doubts over joint development in South China Sea disputes and shed light on creative ways to promote cooperation. The book is a key reference for students and scholars in politics and international relations, Asian studies, and maritime law." | ||
| 540 |
_aAll rights reserved _uhttp://oapen.org/content/about-rights |
||
| 546 | _aEnglish | ||
| 650 | 7 |
_aInternational relations _2bicssc |
|
| 650 | 7 |
_aPolitics & government _2bicssc |
|
| 653 | _ainternational cooperation | ||
| 653 | _aSouth China Sea | ||
| 720 | 1 |
_aXue, Song _4aut |
|
| 773 | 1 |
_tCooperative Development in the South China Sea: _7nnaa _oOAPEN Library UUID: 310a98b9-4205-4cb0-93ca-fd05d6b57658 |
|
| 793 | 0 | _aDOAB Library. | |
| 856 | 4 | 0 |
_uhttps://directory.doabooks.org/handle/20.500.12854/26668 _70 _zFree-to-read: DOAB: description of the publication |
| 999 |
_c92592 _d92592 |
||